| 000 | 00343nam a22001337a 4500 | ||
|---|---|---|---|
| 008 | 250326b |||||||| |||| 00| 0 eng d | ||
| 020 | _a0195756215 | ||
| 050 |
_aPL8822 _b.Y67 |
||
| 100 | _aAFOLAYAN Adebisi | ||
| 245 | _aYoruba Language and Literature | ||
| 260 |
_aIbadan _bUniversity of Ife Press _c1969 |
||
| 300 | _axxxv, 315p. | ||
| 942 | _cBK | ||
| 999 |
_c2725 _d2725 |
||